Представление документа в формате RUSMARC

ПолеНазваниеЗначение
  Тип записи a
  Библиографический уровень a
001 Контрольный номер RU/CBS_Ul/BASE/485876127
005 Дата корректировки 20240209175148.4
100 Данные общей обработки __
a Данные общей обработки 20150525d2015 ||| 0rusy0189 ca
101 Язык документа 0_
a Язык текста rus
102 Страна публикации __
a Страна публикации RU
105 Кодированные данные (монография) __
a Кодированные данные (монография) y###||||000|y
200 Заглавие и сведения об ответственности 1_
a Заглавие Операция без риска
b Общее обозначение материала Текст
e Сведения, относящиеся к заглавию [эндоскопические методы лечения бесплодия]
f Первые сведения об ответственности А. А. Лапшихин ; [мат. подгот. Н. Епифанова]
300 Общие примечания __
a Общие примечания Ограничения по возрасту - 16+
461 Уровень набора _0
1 2000
a Женское здоровье
463 Уровень физической единицы _0
1 001RU/CBS_Ul/BASE/485274404
1 2000
a № 4
v С. 22-23 : фото
1 210
d 2015
606 Тематические рубрики 0_
a Основная рубрика Бесплодие у женщин - Лечение - Применение эндоскопии
610 Ключевые слова 0_
a Ключевые слова эндоскопические обследования
a Ключевые слова эндоскопические методы лечения бесплодия
a Ключевые слова эндоскопические диагностики бесплодия
a Ключевые слова бесплодия у женщин
a Ключевые слова лечение бесплодия
a Ключевые слова фертилоскопия
a Ключевые слова гистероскопия
686 Индексы других классификаций __
a Классификационный индекс 57.15
2 Код системы ББК
700 Автор _1
a Фамилия Лапшихин
b Имя (инициалы) А. А.
801 Источник записи _0
a Страна RU
b Организация МБУК ЦБС г. Ульяновска
c Дата составления 20150525
g Правила каталогизации RCR
801 Источник записи _1
a Страна RU
b Организация МБУК ЦБС г. Ульяновска
c Дата составления 20150525
g Правила каталогизации RCR
901 Тип документа __
t Тип документа b
w Контрольный № источника RU/CBS_Ul/BASE/485274404
910 Корректоры записи __
a Корректор записи Библиотека 2
938 Служебная информация __
a Имя БД period